000 00743nam a2200241 i 4500
001 000032456
003 DO-SdBNP
005 20231204103920.0
007 ta
008 110718s1933 dr c 000 0 spa d
040 _aDO-SdBNP
_bspa
_cBNPHU
_erda
082 _bM149b
_222
100 1 _aMachado Báez, Manuel
_eautor
_958410
245 1 0 _aBiografia del Padre Meriño :
_bestudio de su vida y de su obra. /
_cManuel Machado Báez.
264 _aSanto Domingo :
_bTipografía Franciscana,
_c1933.
300 _a80 paginas :
_bretratos. ;
_c20 cm.
336 _2rdacontent
_atexto
_btxt
337 _2rdamedia
_asin mediación
_bn
338 _2rdacarrier
_avolumen
_bnc
590 _aInventariado, 2023 / DG
910 _aDG
942 _2ddc
_cLBS1
999 _c31947
_d31947